00537cam a22001812 4500001001100000005001700011008004100028020001700069040001500086245009300101250001200194260003600206300001700242650003600259650002600295700003100321852000300352000001988820151217152203.0110302s xx 000 0 eng d a0273717409 : aKABUcKABU10aInternet marketing :bstrategy, implementation and practice /cDave Chaffey.... [et al]. a4th ed. aLondon :bPrentice hall,c2009. axxxi, 702 p. 0aInternet marketing.@0000151441 0aInternet.@00000009691 aChaffey, Dave.@00001798611